| 000 | 00948nam a2200253 i 4500 | ||
|---|---|---|---|
| 001 | 000038104 | ||
| 003 | DO-SdBNP | ||
| 005 | 20240215092541.0 | ||
| 007 | ta | ||
| 008 | 110427s1917 dr 000 0 spa d | ||
| 040 |
_aDO-SdBNP _bspa _cBNPHU _erda |
||
| 082 |
_222 _bU588c |
||
| 110 |
_aUniversidad Central de Santo Domingo. _bFacultad de Derecho y Ciencias Politicas _984770 |
||
| 245 | 1 | 3 |
_aContribución al estudio del párrafo primero del artículo 49 de la Constitución : _btesis para la Licenciatura, sustentada por el señor, Temistocles Messina, bachiller en letras y ciencias |
| 264 |
_aSanto Domingo : _bImprenta Renacimiento de Escobar y Co-Colón 40, _c1917 |
||
| 300 |
_a46 paginas ; _c24 cm. |
||
| 336 |
_2rdacontent _atexto _btxt |
||
| 337 |
_2rdamedia _asin mediación _bn |
||
| 338 |
_2rdacarrier _avolumen _bnc |
||
| 500 | _aTesis para la Licenciatura | ||
| 590 | _aInventariado, 2024/ DG | ||
| 910 | _aDG | ||
| 942 |
_2ddc _cLF2 |
||
| 999 |
_c55654 _d55654 |
||